ბათუმის შოთა რუსთაველის სახელმწიფო უნივერსიტეტის ბიბლიოთეკა

სპორტი საქართველოში (ბიბ.ჩანაწერი № 51377)

000 -LEADER
fixed length control field 00795nam a2200241Ia 4500
001 - CONTROL NUMBER
control field 18361
003 - CONTROL NUMBER IDENTIFIER
control field GE_BSU
008 - FIXED-LENGTH DATA ELEMENTS--GENERAL INFORMATION
fixed length control field 181216s||||||||xx |||||||||||||| ||und||
040 ## - CATALOGING SOURCE
Transcribing agency GE_BSU
080 ## - UNIVERSAL DECIMAL CLASSIFICATION NUMBER
Universal Decimal Classification number 796(479.22)(035)
100 ## - MAIN ENTRY--PERSONAL NAME
Personal name ახვლედიანი,შ. ბაგრატიონი,ჯ. გუგუშვილი,ნ.
245 ## - TITLE STATEMENT
Title სპორტი საქართველოში
245 ## - TITLE STATEMENT
Remainder of title ცნობარი
245 ## - TITLE STATEMENT
Statement of responsibility, etc. რედ. მ.დანელია
260 ## - PUBLICATION, DISTRIBUTION, ETC.
Place of publication, distribution, etc. თბილისი
260 ## - PUBLICATION, DISTRIBUTION, ETC.
Name of publisher, distributor, etc. საბჭ. საქართველო
260 ## - PUBLICATION, DISTRIBUTION, ETC.
Date of publication, distribution, etc. 1981
300 ## - PHYSICAL DESCRIPTION
Extent 606გვ.19სმ.
653 ## - INDEX TERM--UNCONTROLLED
Uncontrolled term სპორტი საქართველოში
653 ## - INDEX TERM--UNCONTROLLED
Uncontrolled term ცნობარი
942 ## - ADDED ENTRY ELEMENTS (KOHA)
Koha item type წიგნი
ეგზემპლარები
Withdrawn status Lost status Damaged status Not for loan Date acquired Barcode Date last seen Price effective from Koha item type
        2018-12-17 47038 2018-12-17 2018-12-17 წიგნი
        2018-12-17 47039 2018-12-17 2018-12-17 წიგნი
        2018-12-17 47040 2018-12-17 2018-12-17 წიგნი
        2018-12-17 47041 2018-12-17 2018-12-17 წიგნი
        2018-12-17 47042 2018-12-17 2018-12-17 წიგნი